[Event "84th ESP-ch 2019"]
[Site "Marbella"]
[Date "2019.11.18"]
[Round "3.34"]
[White "Hernandez Perez, Jesus"]
[Black "Moral Garcia, Serafin"]
[Result "0-1"]
[WhiteElo "1956"]
[BlackElo "2267"]
[Annotator "TA"]
[PlyCount "82"]
[EventDate "2019.11.16"]
[EventType "swiss"]
[EventCountry "ESP"]
[SourceTitle "playchess.com"]
[Source "ChessBase"]
[SourceQuality "1"]

{[%evp 9,82,-23,-22,-33,-29,-37,-28,-72,-56,-73,-81,-76,-57,-59,-59,-118,-50,-54,-15,-78,-72,-78,-39,-37,-8,-16,-8,-34,-10,-30,-27,-17,-7,-14,-14,-26,-27,-35,-25,-60,-65,-95,-81,-81,-71,-76,-86,-81,0,-340,-223,-701,-696,-672,-630,-1018,-1010,-1008,-996,-988,-981,-2033,-2033,-6295,-6311,-6310,-6287,-1838,-5347,-2602,-2320,-2275,-2203,-1737,-1720]} 1. e4 e5 2. Nc3 Nf6 3. f4 d5 4. fxe5 Nxe4 5. Nf3 Bc5 {[#] Hoping for ...Nf2.} 6. Qe2 {C29: Vienna Game: 2...Nf6 3 f4} Bf5 7. d4 (7. Nd1 Nc6 8. d3 Qe7 9. Ne3 Be6 10. c3 O-O-O 11. d4 Bb6 12. Qc2 g5 13. g3 f6 14. exf6 Qxf6 {0-1 (27) Jobava,B (2695)-Mamedyarov,S (2757) Warsaw 2013}) 7... Bb6 8. Be3 {Black has an edge.} O-O $146 ({Predecessor:} 8... Ba5 9. Bd2 c6 10. a3 O-O 11. b4 Bc7 12. Qe3 f6 13. Nxe4 dxe4 {1-0 (55) Mateu Guiu,E (2079)-Pijuan Herranz,M (2240) Catalunya 2014}) 9. O-O-O Nxc3 10. bxc3 Qe7 11. Qb5 c6 12. Qb4 (12. Qb2 $15) 12... Qe6 (12... Qxb4 $17 13. cxb4 Nd7) 13. Bd3 Na6 14. Qa3 (14. Qd6 $11 {remains equal.}) 14... Bxd3 $17 15. cxd3 Nc7 16. Qb2 f5 17. g3 Qd7 18. Rhf1 Rab8 19. Rde1 Ne6 20. Ng5 Bd8 21. Nxe6 Qxe6 22. Kd1 Be7 23. Qb3 b5 24. Bc1 a5 {[%cal Ba7a5,Ba5a4][%mdl 32]} 25. Rf2 a4 26. Qc2 b4 27. cxb4 Rxb4 28. Qc3 Rfb8 ({Better is} 28... f4 $17 {...Rb1 is the strong threat.} 29. Ref1 Qg4+ 30. Kc2 Rbb8 31. Bxf4 a3) 29. Rc2 $2 {[%mdl 8192]} (29. Ba3 $1 $11) 29... R4b6 {Strongly threatening ...Bb4.} 30. Ree2 $2 (30. Qd2 Bb4 {[%mdl 64] Skewer} 31. Qf4 Bxe1 32. Kxe1) 30... Bb4 $19 {Black is clearly winning.} 31. Qa1 {[#]} f4 $1 {[%mdl 512]} 32. Bxf4 {and the idea Rb2 leaves White hopeful.} Qh3 {( -> ...Qf1+)} 33. Rf2 Qg4+ 34. Rce2 Ba3 35. Qc3 Rb1+ 36. Kc2 R8b2+ 37. Qxb2 Rxb2+ 38. Kd1 Rxa2 39. e6 Rxe2 40. Rxe2 Be7 41. Ke1 a3 {Accuracy: White = 29%, Black = 70%.} 0-1

[Event "84th ESP-ch 2019"]
[Site "Marbella"]
[Date "2019.11.18"]
[Round "3.35"]
[White "Viciano Barrachina, Aitor"]
[Black "Kolotilina, Liudmila"]
[Result "0-1"]
[WhiteElo "1954"]
[BlackElo "2242"]
[Annotator "TA"]
[PlyCount "32"]
[EventDate "2019.11.16"]
[EventType "swiss"]
[EventCountry "ESP"]
[SourceTitle "playchess.com"]
[Source "ChessBase"]
[SourceQuality "1"]

{[%evp 10,94,19,5,6,0,0,5,47,0,0,0,20,3,7,-96,-58,-110,-117,-109,-112,-153,-155,-147,-129,-251,-137,-162,-158,-156,-134,-145,-137,-153,-129,-230,-228,-274,-280,-347,-324,-338,-331,-483,-351,-341,-339,-330,-331,-517,-329,-329,-263,-268,-278,-308,-306,-302,-306,-354,-191,-398,-440,-403,-369,-568,-387,-656,-542,-507,-376,-343,-351,-606,-552,-1441,-1424,-5389,-5373,-29973,-29973,-29980,-29981,-29991,-29992,-29992,-29993]} 1. e4 c6 2. Nf3 d5 3. Nc3 Bg4 4. h3 Bh5 5. Be2 e6 6. O-O Nf6 {B11: Caro-Kann: Two Knights Variation} 7. d3 Be7 8. Bf4 Nbd7 {The position is equal.} (8... O-O 9. Nd2 Bxe2 10. Qxe2 a5 11. e5 Nfd7 12. Qg4 Kh8 13. a3 b5 14. Nf3 {1-0 (54) Nakamura,H (2760)-Ding,L (2702) Beijing 2012}) 9. Nh2 $146 (9. e5 $5 {[%cal Re5f6]} Ng8 10. g4 $14) ({Predecessor:} 9. Nd2 Bxe2 10. Qxe2 Nc5 11. Bg3 Qb6 12. Nd1 O-O 13. e5 Ne8 14. c3 {1-0 (51) Nuri,K (2322)-Carlos Arriaga,J (2118) Katowice 2014}) 9... Bxe2 10. Qxe2 O-O 11. Bg3 Qb6 12. b3 (12. Rfb1 $11 {keeps the balance.}) 12... Qa5 13. Nd1 ({White should try} 13. Na4 $1 $15) 13... dxe4 $17 14. dxe4 Nh5 $1 15. c4 Nxg3 16. fxg3 Bd6 {Played: Qa5-e5} 0-1

[Event "84th ESP-ch 2019"]
[Site "Marbella"]
[Date "2019.11.18"]
[Round "3.36"]
[White "Castellanos Bogalo, Antonio"]
[Black "Garcia Romero, Benjamin Abel"]
[Result "0-1"]
[WhiteElo "1915"]
[BlackElo "2234"]
[Annotator "TA"]
[PlyCount "30"]
[EventDate "2019.11.16"]
[EventType "swiss"]
[EventCountry "ESP"]
[SourceTitle "playchess.com"]
[Source "ChessBase"]
[SourceQuality "1"]

{[%evp 9,30,0,0,-25,-19,-68,-40,-79,-28,-32,-22,-105,-100,-104,-106,-96,-82,-106,-93,-618,-634,-1022,-1005]} 1. e4 e5 2. Nf3 Nc6 3. Nc3 Nf6 4. a3 g6 $146 (4... d5 5. Bb5 Nxe4 6. Qe2 Qd6 7. Nxe4 dxe4 8. Qxe4 Bd7 9. d3 O-O-O 10. O-O Re8 11. Qe2 Qg6 12. Be3 Bd6 {0-1 (55) Caruana,F (2816)-Kramnik,V (2792) Paris 2018}) 5. d4 exd4 6. Nd5 {C47: Scotch Four Knights and Four Knights with 4 g3} Bg7 7. Bd3 d6 8. h3 {Black is slightly better.} O-O (8... Nd7 $17) 9. Bg5 $11 Be6 10. c4 (10. O-O $11) 10... dxc3 $17 11. Nxc3 h6 $36 {[%mdl 2048] White is under strong pressure.} 12. Bf4 Nh5 13. Bh2 Nd4 14. g4 $2 {[%mdl 8192] [#]} (14. Nxd4 $17 Bxd4 15. O-O) 14... Bb3 $19 15. Qxb3 Nxb3 {Accuracy: White = 11%, Black = 50%.} 0-1

[Event "84th ESP-ch 2019"]
[Site "Marbella"]
[Date "2019.11.18"]
[Round "3.37"]
[White "Ruiz Buendia, Miguel"]
[Black "Rodriguez Lopez, Rafael"]
[Result "1-0"]
[WhiteElo "1875"]
[BlackElo "2228"]
[Annotator "TA"]
[PlyCount "73"]
[EventDate "2019.11.16"]
[EventType "swiss"]
[EventCountry "ESP"]
[SourceTitle "playchess.com"]
[Source "ChessBase"]
[SourceQuality "1"]

{[%evp 9,73,20,33,33,30,27,35,35,56,73,69,44,44,32,24,27,40,0,0,0,54,20,21,20,43,0,16,-49,-53,-54,-23,-23,-38,-66,0,-89,-97,-206,-158,-133,-72,-141,-83,-148,-97,-114,-106,-110,-76,-76,-89,-83,267,265,451,230,1330,1329,1285,1271,1270,1238,1318,1307,1444,1365]} 1. e4 c5 2. Nf3 d6 3. d4 Nf6 4. Nc3 cxd4 5. Qxd4 Bd7 6. Bg5 {B53: Sicilian: 2...d6: Lines with Qxd4} Nc6 7. Qd2 a6 8. Be2 {White is slightly better.} b5 $146 ({Predecessor:} 8... Rc8 9. O-O h6 10. Bxf6 gxf6 11. Nd4 e6 12. Kh1 Nxd4 13. Qxd4 {1-0 (29) Cornejo,M (2381)-Margvelashvili,G (2548) Richardson 2014}) 9. O-O e6 10. a3 h6 11. Bh4 g5 12. Bg3 e5 13. h4 g4 14. Nh2 Rg8 (14... Be6 $11) 15. Rad1 Nd4 {[%cal Bc6d4,Bd4e6,Be6c5][%mdl 32]} 16. Bd3 h5 17. Ne2 Ne6 18. f4 (18. Rfe1 $11) 18... gxf3 $1 $15 19. Rxf3 Nc5 20. Rdf1 Rg6 $36 {[%mdl 2048] Black has some pressure.} 21. b4 Bh6 (21... Nfxe4 22. Rxf7 (22. Bxe4 Nxe4 23. Qd5 f5 $11) 22... Bh6 23. Bxe4 $3 $16 {[%mdl 512]} (23. Qxh6 Rxh6 24. Rf8+ Ke7 $11)) ({Black should play} 21... Nxd3 $15 22. cxd3 Bh6) 22. Qd1 (22. Bf4 $1 $11 {remains equal.} Ncxe4 23. Bxe4 Nxe4 24. Qe3 exf4 25. Qxe4+ Re6 26. Qh7) 22... Nxd3 $17 (22... Ncxe4 $6 {[#]} 23. Rxf6 $1 {[%mdl 512]} Be3+ 24. Bf2 $11) 23. Qxd3 (23. cxd3 $17 Rc8 24. Bf2) 23... Bc6 24. Nc3 Qe7 (24... Rc8 $142 25. Bxe5 dxe5 26. Rxf6 Be3+ 27. Kh1 Rxf6 28. Qxd8+ Kxd8 29. Rxf6 Bd4) 25. Rf5 (25. Bf2 $142) 25... O-O-O ({Better is} 25... Rc8 26. Be1 Bf4) 26. a4 (26. R1f2 $142) 26... Rdg8 27. R1f3 {[%cal Ra4b5]} Bf4 28. axb5 Rxg3 29. Rxg3 Rxg3 30. Qc4 axb5 $2 {[%mdl 8192]} (30... Kd8 $17 31. Rxf6 (31. bxc6 $2 Qa7+ 32. Kh1 Rxc3 $19 {[%mdl 64] Remove Defender}) (31. Qxc6 $2 Rxc3 32. Qxa6 Bxh2+ 33. Kxh2 Ng4+ {[%mdl 64] Discovered Attack} 34. Kg1 Rxc2 $19) 31... Bxb5 32. Nxb5 axb5 33. Qxf7 Qxf7 34. Rxf7 Re3) 31. Qxc6+ $18 Kd8 $2 (31... Qc7 32. Qxc7+ (32. Qxb5 Rxc3 33. Rxf6 Rxc2 $15) 32... Kxc7) 32. Nxb5 (32. Qa8+ $142 Kd7 33. Nxb5) 32... Re3 $2 {[#]} (32... Qd7 33. Qxd7+ (33. Qxd6 Nxe4 34. Qf8+ Qe8 $16) 33... Nxd7) 33. Rxf6 $1 {[%mdl 576] Deflection. White is clearly winning.} Qxf6 34. Qc7+ Ke8 35. Nxd6+ Kf8 36. Qc8+ Kg7 37. Ne8+ {[%mdl 64] Double Attack. Accuracy: White = 39%, Black = 36%.} 1-0

[Event "84th ESP-ch 2019"]
[Site "Marbella"]
[Date "2019.11.18"]
[Round "3.38"]
[White "Rey Malde, Henrique"]
[Black "Abreu Suarez, Isauro"]
[Result "1-0"]
[WhiteElo "2209"]
[BlackElo "1974"]
[Annotator "TA"]
[PlyCount "109"]
[EventDate "2019.11.16"]
[EventType "swiss"]
[EventCountry "ESP"]
[SourceTitle "playchess.com"]
[Source "ChessBase"]
[SourceQuality "1"]

{[%evp 17,109,36,44,23,40,26,22,11,29,5,2,0,0,0,14,-8,-7,-31,-27,-21,-28,-59,-66,-53,-53,-55,14,20,8,0,0,0,0,0,0,0,0,0,8,3,14,12,42,31,31,26,38,27,69,80,68,61,63,63,96,54,42,44,113,100,508,346,334,313,323,289,241,95,88,53,297,233,976,937,980,841,1371,1365,1320,1211,1122,1095,29978,29979,29979,29980,29982,29983,29983,29984,29984,29985,29985,29984]} 1. e4 Nf6 2. e5 Nd5 3. c4 Nb6 4. d4 d6 5. exd6 cxd6 6. Nc3 g6 7. Be3 Bg7 8. Rc1 O-O 9. b3 Bf5 10. Nf3 {B03: Alekhine's Defence: Four Pawns Attack} (10. Be2 d5 11. c5 Nc8 12. Bf3 e6 13. g4 Be4 14. Nxe4 dxe4 15. Bxe4 Nc6 16. Ne2 N8e7 17. O-O Qd7 {1-0 (34) Corrales Jimenez,F (2559)-Zhao,J (2610) chess.com INT 2019}) 10... d5 11. c5 Nc8 12. h3 $146 {The position is equal.} ({Predecessor:} 12. Be2 Nc6 13. O-O Bg4 14. h3 {0-1 (32) Ballester Llagaria,L (2210)-Fernandez,L (2367) La Massana 2012}) 12... Nc6 13. Be2 Be4 14. O-O Bxf3 15. Bxf3 e6 16. b4 a6 17. a3 N8e7 18. Ne2 Nf5 19. Bg4 Nxe3 20. fxe3 e5 21. dxe5 Nxe5 (21... Qg5 $1 $15 22. Qb3 Nxe5) 22. Nf4 $11 d4 23. exd4 Nxg4 24. Qxg4 {And now d5 would win.} Qxd4+ 25. Kh1 Rad8 26. Qf3 Bh6 27. Rce1 Qxf4 28. Qxf4 Bxf4 29. Rxf4 Rfe8 (29... f5 {is interesting.} 30. Re6 Rf7 31. Rf3 Kg7 32. Rc3 Rd2) 30. Rxe8+ Rxe8 $14 {[%mdl 4096] Endgame KR-KR} 31. Rd4 Re7 32. Kg1 h5 33. Kf2 Kg7 34. Kf3 g5 35. Rd6 f6 36. c6 bxc6 37. Rxc6 a5 (37... f5 $14) 38. b5 $1 $16 a4 $2 {[%mdl 8192]} (38... f5 $16) 39. Rc4 {Strongly threatening b6.} Rb7 40. Rb4 ({Inferior is} 40. Rxa4 Rxb5 41. Ra8 f5 $11) 40... Kf7 41. Ke4 {Black must now prevent Kd5.} Ke6 42. Kd4 ({Stronger than} 42. Rxa4 Rxb5 43. Ra6+ Kf7 $11) (42. g4 $1 $18 {and the rest is easy.}) 42... Kd6 43. Rb2 ({But not} 43. Rxa4 $6 Rxb5 44. Rb4 Rd5+ 45. Ke3 Re5+ 46. Kd2 Rf5 $11) 43... Rc7 $2 ({Black should try} 43... f5 $14) 44. Rf2 $18 Ke6 $2 (44... Rf7 45. Rc2 Re7) 45. b6 Rc8 46. Rb2 Kd6 47. b7 Rb8 {[#]} 48. Ke4 $1 Kc6 {[#]} 49. Kf5 $1 Rxb7 50. Rxb7 {White mates.} Kxb7 51. Kxf6 {K3P-K3P} g4 52. h4 Kc6 53. Kg5 Kc5 54. Kxh5 Kc4 55. Kxg4 {Accuracy: White = 63%, Black = 43%.} 1-0

[Event "84th ESP-ch 2019"]
[Site "Marbella"]
[Date "2019.11.18"]
[Round "3.39"]
[White "Martinez Piqueras, Carlos"]
[Black "Diaz Mino, Daniel"]
[Result "1-0"]
[WhiteElo "2206"]
[BlackElo "1953"]
[Annotator "RC"]
[PlyCount "127"]
[EventDate "2019.11.16"]
[EventType "swiss"]
[EventCountry "ESP"]
[SourceTitle "playchess.com"]
[Source "ChessBase"]
[SourceQuality "1"]
[TimeControl "5400+30"]

1. e4 {[%emt 0:00:48]} e5 {[%emt 0:00:00]} 2. Nf3 {[%emt 0:00:24]} Nc6 {[%emt 0:00:00]} 3. d4 {[%emt 0:01:06]} exd4 {[%emt 0:00:24]} 4. Nxd4 {[%emt 0:00:28]} Bc5 {[%emt 0:00:39]} 5. Nb3 {[%emt 0:00:09]} Bb6 {[%emt 0:00:52]} 6. Nc3 {[%emt 0:00:08]} Nf6 {[%emt 0:01:03]} 7. Qe2 {[%emt 0:00:19]} O-O {[%emt 0:00:46]} 8. Be3 {[%emt 0:00:50]} Bxe3 {[%emt 0:07:01]} 9. Qxe3 {[%emt 0:00:11]} d6 {[%emt 0:02:25]} 10. O-O-O {[%emt 0:01:51]} a6 {[%emt 0:16:57]} 11. f3 {[%emt 0:01:50]} b5 {[%emt 0:02:00]} 12. h4 {[%emt 0:15:35]} b4 {[%emt 0:04:08]} 13. Nd5 {[%emt 0:09:24]} a5 {[%emt 0:15:01]} 14. Nd4 {[%emt 0:05:01]} Ne5 {[%emt 0:13:41]} 15. Qg5 {[%emt 0:10:32]} Nxd5 {[%emt 0:04:21]} 16. exd5 {[%emt 0:01:11]} Bd7 {[%emt 0:02:04]} 17. Qxd8 {[%emt 0:10:05]} Rfxd8 {[%emt 0:00:25]} 18. Bb5 {[%emt 0:00:20]} Bxb5 {[%emt 0:02:13]} 19. Nxb5 {[%emt 0:01:15]} Rdb8 {[%emt 0:00:08]} 20. Nd4 {[%emt 0:01:31]} a4 {[%emt 0:00:27]} 21. Rhe1 {[%emt 0:16:14]} Kf8 {[%emt 0:06:18]} 22. f4 {[%emt 0:01:36]} Nd7 {[%emt 0:01:19]} 23. Nc6 {[%emt 0:01:52]} Rb6 {[%emt 0:00:41]} 24. Rd4 {[%emt 0:02:33]} b3 {[%emt 0:01:22]} 25. cxb3 {[%emt 0:03:22]} axb3 {[%emt 0:00:24]} 26. a3 {[%emt 0:00:52]} Nf6 {[%emt 0:04:02]} 27. Nb4 {[%emt 0:00:42]} Rb5 {[%emt 0:02:57]} 28. Re3 {[%emt 0:03:40]} Re8 {[%emt 0:02:49]} 29. Rxb3 {[%emt 0:04:21]} Re2 {[%emt 0:00:48]} 30. g3 {[%emt 0:01:37]} Rg2 {[%emt 0:04:25]} 31. Rbd3 {[%emt 0:02:12]} Nh5 {[%emt 0:01:11]} 32. Rc4 {[%emt 0:00:43]} Rb7 {[%emt 0:01:18]} 33. Rcc3 {[%emt 0:00:11]} g6 {[%emt 0:02:22]} 34. Kb1 {[%emt 0:02:07]} f5 {[%emt 0:00:48]} 35. Ka2 {[%emt 0:00:12]} Nf6 {[%emt 0:00:46]} 36. Rc2 {[%emt 0:00:42]} Rg1 {[%emt 0:00:30]} 37. Rdc3 {[%emt 0:00:56]} Ne4 {[%emt 0:01:17]} 38. Rxc7 {[%emt 0:00:08]} Rxc7 {[%emt 0:00:06]} 39. Rxc7 {[%emt 0:00:04]} Rxg3 {[%emt 0:00:20]} 40. a4 {[%emt 0:00:41]} Nc5 {[%emt 0:00:33]} 41. a5 {[%emt 0:00:31]} Rb3 {[%emt 0:01:07]} 42. Rxc5 {[%emt 0:01:35]} Rxb4 {[%emt 0:00:09]} 43. Rc8+ {[%emt 0:00:28]} Ke7 {[%emt 0:00:15]} 44. Ka3 {[%emt 0:00:26]} Rb5 {[%emt 0:00:36]} 45. b4 {[%emt 0:00:28]} Kd7 {[%emt 0:00:40]} 46. Rh8 {[%emt 0:00:20]} Kc7 {[%emt 0:00:37]} 47. Rxh7+ {[%emt 0:00:18]} Kb8 {[%emt 0:00:15]} 48. Rg7 {[%emt 0:00:25]} Rxd5 49. Rxg6 {[%emt 0:00:14]} Rd4 {[%emt 0:00:58]} 50. h5 {[%emt 0:00:09]} Rxf4 {[%emt 0:00:23]} 51. Rxd6 {[%emt 0:00:23]} Rh4 {[%emt 0:00:14]} 52. h6 {[%emt 0:00:07]} f4 {[%emt 0:00:20]} 53. Rf6 {[%emt 0:01:45]} Rh3+ {[%emt 0:00:42]} 54. Ka4 {[%emt 0:00:06]} f3 {[%emt 0:00:33]} 55. a6 {[%emt 0:01:13]} Ka8 {[%emt 0:01:17]} 56. b5 {[%emt 0:00:23]} Ka7 {[%emt 0:00:31]} 57. Rf7+ {[%emt 0:00:36]} Kb6 {[%emt 0:00:31]} 58. a7 {[%emt 0:00:22]} Rh1 {[%emt 0:00:28]} 59. h7 {[%emt 0:00:58]} f2 {[%emt 0:00:30]} 60. Kb3 {[%emt 0:00:21]} Rxh7 {[%emt 0:00:32]} 61. a8=Q {[%emt 0:00:40]} Rxf7 {[%emt 0:00:13]} 62. Qa6+ {[%emt 0:00:18]} Kc5 {[%emt 0:00:29]} 63. Qc6+ {[%emt 0:00:04]} Kd4 {[%emt 0:00:11]} 64. Qc4+ 1-0

[Event "84th ESP-ch 2019"]
[Site "Marbella"]
[Date "2019.11.18"]
[Round "3.40"]
[White "Perera Borrego, Maria Adela"]
[Black "Juan Mas, Santiago"]
[Result "1-0"]
[WhiteElo "2201"]
[BlackElo "1930"]
[Annotator "TA"]
[PlyCount "47"]
[EventDate "2019.11.16"]
[EventType "swiss"]
[EventCountry "ESP"]
[SourceTitle "playchess.com"]
[Source "ChessBase"]
[SourceQuality "1"]

{[%evp 10,47,22,13,14,10,21,5,7,9,12,-16,-9,-11,-4,-23,18,-22,-26,-28,0,0,0,0,0,0,21,-138,-52,-58,100,43,60,0,0,-7,830,828,5473,5461]} 1. Nf3 Nc6 2. d4 d5 3. Bf4 Bg4 4. e3 e6 5. h3 Bxf3 6. Qxf3 Bd6 {D02: 1 d4 d5 2 Nf3 sidelines, including 2...Nf6 3 g3 and 2...Nf6 3 Bf4} 7. Bxd6 (7. c3 Nge7 8. Nd2 O-O 9. Bd3 Ng6 10. Bxd6 Qxd6 11. h4 e5 12. h5 Nge7 13. Qg3 f5 14. f4 {½-½ (36) Ravi,T (2405)-Sean,W (2422) Yogyakarta 2019}) 7... Qxd6 8. a3 Nf6 {The position is equal.} 9. Nc3 a6 10. Rd1 $146 ({Predecessor:} 10. Qd1 O-O 11. Be2 Rfe8 12. O-O Rad8 13. Na4 e5 14. Nc5 {½-½ (47) Suarez Buceta,M (1718)-Perez Guerra,R (1775) Gran Canaria 2016}) 10... e5 11. dxe5 Nxe5 12. Qg3 O-O 13. Be2 (13. Nxd5 $5 Nxd5 14. c4 $11) 13... Rfe8 14. O-O Qb6 15. Nxd5 Nxd5 16. Rxd5 Qxb2 17. f4 $36 {[%mdl 2048] White has good play.} Qxc2 18. Bh5 $2 (18. fxe5 $11 Qxe2 19. Rd7 $1 {[%mdl 576] Double Attack}) 18... Ng6 (18... Nc4 $1 $17 {[%cal Rc4e3]} 19. Re1 Nd6) 19. f5 $15 Ne7 $2 {[#]} (19... Nf8 $1 $15) 20. f6 ({White should play} 20. Rd7 $1 $16) 20... Ng6 $14 21. fxg7 (21. Rd7 $14 Qc5 22. Bxg6 hxg6 23. fxg7 (23. Rxc7 Qb6 $11) 23... Rxe3 24. Qxc7 (24. Qf2 f5 $11) 24... Qxc7 25. Rxc7) 21... Re7 $11 22. Rdf5 {Strongly threatening Bxg6.} Rd8 $2 {[%mdl 8192] [#]} (22... Rae8 $11) 23. Bxg6 $1 $18 hxg6 {[#]} 24. Qh4 $1 {[%mdl 512] Accuracy: White = 33%, Black = 29%.} 1-0

[Event "84th ESP-ch 2019"]
[Site "Marbella"]
[Date "2019.11.18"]
[Round "3.41"]
[White "Represa Perez, Mireya"]
[Black "Moreno Latorre, Fco Jose"]
[Result "1/2-1/2"]
[WhiteElo "2189"]
[BlackElo "1875"]
[Annotator "TA"]
[PlyCount "130"]
[EventDate "2019.11.16"]
[EventType "swiss"]
[EventCountry "ESP"]
[SourceTitle "playchess.com"]
[Source "ChessBase"]
[SourceQuality "1"]

{[%evp 20,130,-5,-6,12,0,10,-34,-21,-30,23,-85,-77,-138,-10,-42,-17,-18,0,-1,0,-16,15,-6,-6,-6,-5,-13,92,21,44,0,0,0,297,276,679,429,958,906,884,827,736,152,149,124,218,229,215,191,179,44,56,50,22,0,0,0,0,0,0,0,0,0,0,0,0,0,0,0,0,0,0,0,0,0,0,0,0,0,0,0,0,0,0,0,0,0,0,0,0,0,0,0,0,0,0,0,0,0,0,0,0,0,0,0,0,0,0,0,0,0,0]} 1. e4 c5 2. Nf3 e6 3. d4 cxd4 4. Nxd4 a6 5. Nc3 Qc7 6. g3 Bb4 7. Nde2 Nf6 8. Bg2 Be7 9. O-O O-O 10. h3 Nc6 11. a4 Rd8 {B43: Sicilian: Kan Variation: 5 Nc3} (11... d6 12. g4 Rb8 13. g5 Nd7 14. Ng3 b5 15. axb5 axb5 16. Kh1 b4 17. Nce2 Rd8 18. f4 d5 19. f5 dxe4 20. fxe6 {½-½ (35) Pancevski,F (2513)-Horvath,C (2516) Forni di Sopra 2013}) 12. Nf4 b6 $146 ({Predecessor:} 12... d6 13. g4 Nd7 14. Nd3 Bf6 15. Ne2 Nc5 16. g5 Be7 17. Be3 Nxd3 18. cxd3 d5 19. exd5 exd5 {0-1 (40) Nava Baro,E (2100)-Lehnhoff,H (2163) Chessfriend.com 2004}) 13. g4 (13. Nfd5 $5 exd5 14. exd5 $11) 13... h6 {Black is slightly better.} 14. Nd3 d5 (14... Bb7 $142) 15. g5 (15. exd5 $11 exd5 16. Re1) 15... hxg5 $17 16. Bxg5 (16. exd5 $142 Nxd5 17. Nxd5 exd5 18. f4) 16... d4 (16... dxe4 $17 17. Bxf6 Bxf6 18. Nxe4 Be7) 17. Ne2 (17. e5 $5 Nxe5 18. Bxa8 dxc3 19. bxc3 $11) 17... e5 18. f4 Nh7 19. Bxe7 Qxe7 20. Ng3 exf4 21. Rxf4 Ne5 22. Qh5 $36 {[%mdl 2048] Black is under pressure.} Ng6 23. Rf2 Nf6 {[#]} (23... Qg5 $11 {keeps the balance.} 24. Qxg5 (24. Qf3 Ra7 $11) 24... Nxg5) 24. Qe2 (24. Rxf6 $1 $16 gxf6 25. Rf1) 24... Nh4 25. Raf1 Nxg2 26. Kxg2 Bb7 $2 {[%mdl 8192]} (26... Nxe4 $11 27. Nxe4 Bb7) 27. Kh2 $18 Rf8 $2 (27... Qe6 28. e5 Nd5 29. Rxf7 Rd7 30. Rxd7 Qxd7) 28. e5 {[%cal Rf2f6] Hoping for Rxf6.} Nd5 (28... Nh7 $142 29. Nf5 Qc7) 29. Nf5 {[%mdl 64] Double Attack} Qe6 {[#]} 30. Qg4 $1 {[%csl Gf5][%cal Rg4g7][%mdl 512]} Qg6 31. Qxg6 $2 (31. Qxd4 $18 Qh5 {[#]} 32. e6 $1 {[%mdl 512]}) 31... fxg6 $16 32. Nxd4 Ne3 (32... Rxf2+ $16 {is a better defense.} 33. Rxf2 Ne7) 33. Rxf8+ $18 Rxf8 34. Rxf8+ Kxf8 {[%mdl 4096] Endgame KBN-KNN} 35. Nf4 (35. Kg3 $18) 35... Nc4 36. e6 Be4 37. b4 {The position is equal.} Ke7 38. Nd3 Ne3 39. a5 bxa5 {Threatens to win with ...a4.} 40. Nc5 Nxc2 41. Nxc2 Bxc2 42. bxa5 $11 {KB-KN} Bf5 43. Nxa6 Kxe6 44. Kg3 Kd6 45. h4 Kc6 46. Kf4 Kb5 47. Nc7+ Kxa5 48. Ne8 Kb6 49. Nxg7 Bc2 50. Ne6 Bf5 51. Nf8 Kc6 52. Kg5 Bc2 53. Nxg6 {aiming for h5.} Bd1 $1 54. Ne5+ Kd6 55. Ng4 Ke7 56. h5 Kf7 57. Ne5+ Kg8 58. h6 Bc2 59. Nd7 Kf7 60. Ne5+ Kg8 61. Ng4 Kh8 62. Nf6 Bd3 63. Nd5 Be4 64. Ne7 Kh7 65. Nf5 Bxf5 {Accuracy: White = 47%, Black = 44%.} 1/2-1/2

[Event "84th ESP-ch 2019"]
[Site "Marbella"]
[Date "2019.11.18"]
[Round "3.42"]
[White "Serrano Garcia, Luis"]
[Black "Garcia Vicente, Nieves"]
[Result "0-1"]
[WhiteElo "1866"]
[BlackElo "2175"]
[Annotator "RC"]
[PlyCount "42"]
[EventDate "2019.11.16"]
[EventType "swiss"]
[EventCountry "ESP"]
[SourceTitle "playchess.com"]
[Source "ChessBase"]
[SourceQuality "1"]
[TimeControl "5400+30"]

1. e4 {[%emt 0:00:00]} c5 {[%emt 0:00:00]} 2. Nf3 {[%emt 0:00:00]} Nc6 {[%emt 0:00:16]} 3. d4 {[%emt 0:01:17]} cxd4 {[%emt 0:00:45]} 4. Nxd4 {[%emt 0:00:12]} e5 {[%emt 0:00:27]} 5. Nb5 {[%emt 0:08:18]} a6 {[%emt 0:01:09]} 6. Nd6+ {[%emt 0:00:44]} Bxd6 {[%emt 0:00:05]} 7. Qxd6 {[%emt 0:00:11]} Qf6 {[%emt 0:00:18]} 8. Qd1 {[%emt 0:02:37]} Qg6 {[%emt 0:00:47]} 9. Nc3 {[%emt 0:07:02]} Nge7 {[%emt 0:00:20]} 10. Be3 {[%emt 0:11:06]} d5 {[%emt 0:03:20]} 11. Bc5 {[%emt 0:13:13]} d4 {[%emt 0:07:01]} 12. Ne2 {[%emt 0:02:42]} Qxe4 {[%emt 0:01:05]} 13. Bxe7 {[%emt 0:01:33]} Nxe7 {[%emt 0:00:50]} 14. f3 {[%emt 0:11:09]} Qh4+ {[%emt 0:13:15]} 15. g3 {[%emt 0:01:56]} Qf6 {[%emt 0:00:26]} 16. f4 {[%emt 0:14:42]} Nf5 {[%emt 0:00:58]} 17. fxe5 {[%emt 0:03:33]} Qxe5 {[%emt 0:00:03]} 18. Qd2 {[%emt 0:03:38]} O-O {[%emt 0:07:31]} 19. O-O-O {[%emt 0:01:01]} Qd5 {[%emt 0:00:23]} 20. Rg1 {[%emt 0:04:26]} Qxa2 {[%emt 0:00:16]} 21. Qb4 {[%emt 0:00:58]} Ne3 {[%emt 0:04:53]} 0-1